[Event "LL Nord SG Osnabrück - Werder 3"]
[Site "?"]
[Date "2018.10.21"]
[Round "1.8"]
[White "Hischemöller, Dieter"]
[Black "Hasenberg, Udo"]
[Result "1/2-1/2"]
[WhiteElo "1953"]
[BlackElo "1815"]
[PlyCount "76"]
[EventDate "2018.??.??"]

1. e4 e5 2. Nf3 f5 3. d3 d6 4. c3 fxe4 5. dxe4 Be6 6. Ng5 Qd7 7. Nxe6 Qxe6 8.
Nd2 Nd7 9. Qb3 Qxb3 10. Nxb3 Ngf6 11. Bd3 Be7 12. O-O O-O 13. Bg5 h6 14. Be3 a5
15. Bc4+ Kh8 16. f3 a4 17. Nc1 Rfb8 18. a3 c6 19. Rd1 Ra5 20. Be6 Nc5 21. Bf7
g5 22. Bxc5 Rxc5 23. c4 Ra5 24. Nd3 Rd8 25. Rab1 Nd7 26. Nb4 Nc5 27. Kf2 Kg7
28. Bh5 Nb3 29. Rd3 Nd4 30. g3 Rf8 31. Ke3 Bd8 32. Rf1 Bb6 33. Kd2 Nb3+ 34. Kd1
Bd4 35. Nc2 b5 36. Nxd4 Nxd4 37. cxb5 Rxb5 38. Rf2 c5 1/2-1/2

[Event "LL Nord Werder 3 - BSG 1"]
[Site "?"]
[Date "2018.12.16"]
[Round "4.1"]
[White "Issing, Peter"]
[Black "Mueller, Oliver"]
[Result "0-1"]
[WhiteElo "2236"]
[BlackElo "2143"]
[Annotator "Stephan"]
[PlyCount "168"]
[EventDate "2018.??.??"]

1. d4 Nf6 2. c4 e6 3. Nc3 Bb4 4. Qc2 Nc6 5. Nf3 d6 6. e3 e5 7. a3 Bxc3+ 8. Qxc3
Qe7 9. d5 Nb8 10. Nd2 O-O 11. Be2 c6 12. e4 b5 13. b3 bxc4 14. bxc4 cxd5 15.
cxd5 Ba6 16. Qe3 Bxe2 17. Qxe2 Nbd7 18. O-O Nc5 19. a4 Nfd7 20. Ba3 f5 21. a5
Rac8 22. Rac1 Nf6 23. Bxc5 dxc5 24. exf5 Nxd5 25. Qc4 Qf7 26. Ne4 Nf4 27. Qxf7+
Rxf7 28. Rc2 Rd7 29. g3 Nd3 30. Rd1 Rd4 31. f3 c4 32. Rb1 Rd5 33. f6 Rxa5 34.
Nd6 Rd8 35. f7+ Kf8 36. Nb7 Rb8 37. Rxc4 Rd5 38. Rc7 Nc5 39. Nxc5 Rxb1+ 40. Kg2
Rb2+ 41. Kh3 Rxc5 42. Rxc5 Rf2 43. Kg4 Rxh2 44. Rxe5 Ra2 45. Rc5 Re2 46. f4 Re7
47. Rc8+ Kxf7 48. Kf5 Rb7 49. g4 h6 50. Ra8 Re7 51. g5 g6+ 52. Kg4 h5+ 53. Kf3
Kg7 54. Rc8 Rb7 55. Ra8 Rb3+ 56. Kg2 Ra3 57. Rc8 a5 58. Rc7+ Kf8 59. Rc6 Kf7
60. Rf6+ Kg7 61. Ra6 a4 62. Ra7+ Kf8 63. Kh2 h4 64. Ra6 Kf7 65. Rf6+ Kg7 66.
Ra6 Ra1 67. Ra7+ Kf8 68. Ra6 Kf7 69. Rf6+ Kg7 70. Ra6 a3 71. Ra7+ Kf8 72. Ra6
Kf7 73. Rf6+ Kg7 74. Ra6 a2 75. Ra7+ Kf8 76. Kg2 h3+ 77. Kh2 Ke8 78. Ra8+ Ke7
79. Ra6 Kd7 {Es sieht so aus als würde der schwarz König unweigerlich nach
vorne rücken und dadurch gewinnen. Im 30-Sekunden-Rhythmus verliert Peter die
Nerven ...} 80. f5 $4 (80. Ra7+ Ke6 81. Ra5 Kd6 {und erst jetzt} 82. f5 $1 gxf5
83. g6 Ke6 84. g7 Kf7 85. Rxf5+ Kxg7 86. Ra5 {ist totremis.}) 80... gxf5 81. g6
Ke7 82. Ra7+ Kf8 83. Rf7+ Kg8 84. Ra7 f4 {ZÜ} 0-1

[Event "LL Nord Werder 3 - BSG 1"]
[Site "?"]
[Date "2018.12.16"]
[Round "4.2"]
[White "Steffens, Olaf"]
[Black "Hundack, Rolf"]
[Result "0-1"]
[WhiteElo "2160"]
[BlackElo "2088"]
[Annotator "Stephan"]
[PlyCount "66"]
[EventDate "2018.??.??"]

1. b4 $1 Nf6 2. Bb2 g6 3. Nf3 Bg7 4. c4 O-O 5. d4 d6 6. e3 Nbd7 7. Be2 e5 8. b5
exd4 9. Nxd4 Nc5 10. Nc3 Bd7 11. O-O Re8 12. Qc2 Bg4 13. Rad1 Bxe2 14. Ndxe2 a6
15. a4 Qe7 16. Nf4 c6 17. Rfe1 Rad8 18. Nd3 Nxd3 19. Rxd3 Ng4 $17 20. Qe2 f5 (
20... Qh4 $1 21. h3 Ne5 22. Rd2 (22. Rd4 $2 Nf3+ $19) 22... Qxc4) 21. Red1 Qe5
22. g3 Qe6 23. R3d2 g5 $1 24. Kg2 Ne5 25. Rd4 g4 26. c5 d5 27. Qc2 Qh6 28. Rf4
Qh3+ 29. Kh1 Nf3 30. Rxf3 gxf3 31. Rg1 Re6 32. Qd1 Qxh2+ 33. Kxh2 Rh6# 0-1

[Event "LL Nord Werder 3 - BSG 1"]
[Site "?"]
[Date "2018.12.16"]
[Round "4.3"]
[White "Giel, Olaf"]
[Black "Colbow, Collin"]
[Result "0-1"]
[WhiteElo "2112"]
[BlackElo "2101"]
[Annotator "Stephan"]
[PlyCount "60"]
[EventDate "2018.??.??"]

1. d4 Nf6 2. Nf3 e6 3. Bg5 c5 4. e3 b6 5. Nbd2 Bb7 6. Bd3 cxd4 7. exd4 Be7 8.
Bh4 O-O 9. O-O d6 10. c3 Nbd7 11. Qe2 Re8 12. Rfe1 a6 13. Rad1 Nf8 14. a3 Ng6
15. Bg5 b5 16. Nf1 Nd5 17. Bxe7 Qxe7 18. Ng3 $2 Ndf4 $1 19. Qe3 Nxg2 $19 {
Es folgt eine fehlerfreie Verwertung der Gewinnstellung} 20. Nf5 Qd7 21. Nh6+
gxh6 22. Kxg2 Nh4+ 23. Kh3 Nxf3 24. Rg1+ Kf8 25. Qxh6+ Ke7 26. Rg7 Rg8 27. Bxh7
Rxg7 28. Qxg7 Qc8 29. Kg3 Qh8 30. Qh6 Rg8+ 0-1

[Event "LL Nord Werder 3 - BSG 1"]
[Site "?"]
[Date "2018.12.16"]
[Round "4.4"]
[White "Krallmann, Matthias"]
[Black "Juhnke, Karl"]
[Result "1-0"]
[WhiteElo "2100"]
[BlackElo "2084"]
[Annotator "Stephan"]
[PlyCount "59"]
[EventDate "2018.??.??"]

1. d4 Nf6 2. c4 g6 3. g3 Bg7 4. Bg2 d6 5. Nf3 O-O 6. O-O c6 7. Nc3 Qa5 8. e4 e5
9. Rb1 exd4 $6 10. Nxd4 Qc5 11. b3 $1 $14 Nxe4 12. Nxe4 Qxd4 13. Qxd4 Bxd4 14.
Nxd6 a5 15. Bg5 f6 {(=)} 16. Bh6 Rd8 17. Nxc8 Rxc8 18. Rbd1 Bc5 19. Rfe1 a4 20.
Bh3 f5 21. g4 $1 $16 Kf7 $2 22. gxf5 gxf5 23. Bxf5 Rg8+ 24. Kf1 Kf6 25. Bh3
axb3 26. Rd3 $1 Kg6 (26... Rxa2 27. Re6+ Kf7 28. Rf3#) 27. Re6+ Kh5 28. Bf5
Bxf2 29. Kxf2 Rxa2+ 30. Bd2 1-0

[Event "LL Nord Werder 3 - BSG 1"]
[Site "?"]
[Date "2018.12.16"]
[Round "4.5"]
[White "Peters, Frank"]
[Black "Brinkmann, Fabian"]
[Result "1/2-1/2"]
[WhiteElo "2016"]
[BlackElo "2097"]
[Annotator "Stephan"]
[PlyCount "116"]
[EventDate "2018.??.??"]

1. c4 c6 2. Nf3 d5 3. e3 Nf6 4. b3 Bf5 5. Bb2 e6 6. d4 Bxb1 $5 7. Qxb1 Bb4+ 8.
Kd1 Ne4 9. Qc2 Qf6 10. Bd3 Qg6 11. Ke2 f5 12. Rhg1 Nd7 13. h3 O-O 14. Raf1 Bd6
15. Kd1 Rac8 16. Ne5 $2 (16. Kc1 $14) 16... Nxe5 (16... Bxe5 $1 17. dxe5 Ndc5
$17) 17. dxe5 Bc7 18. Kc1 Qh6 19. Kb1 Bb6 20. Ba3 Rf7 21. c5 Bc7 22. f4 g5 $6
23. Bc1 Qf8 $6 24. g4 $18 h6 25. h4 Rg7 26. gxf5 exf5 27. Bxe4 dxe4 28. Qc4+
Qf7 29. Qxf7+ $2 (29. e6 Qe7 30. fxg5 $18) 29... Kxf7 30. fxg5 Ke6 31. g6 (31.
gxh6 $16) 31... Rd8 32. h5 Bxe5 33. Rg2 Rd5 34. Rgf2 Bf6 35. b4 Rgd7 36. Kc2 a5
$11 37. a3 Bg7 38. Rf4 Rd8 39. R4f2 axb4 40. axb4 Ra8 (40... Rd3 $142 $11) 41.
Bb2 Ra2 42. Kb1 Rxb2+ 43. Rxb2 Bxb2 44. Kxb2 Rd2+ 45. Kc3 Rg2 $2 46. Ra1 $1 $18
Kf6 47. Ra8 Rg5 48. Rf8+ Kg7 49. Rf7+ Kg8 50. Kd4 Rxh5 51. Ke5 f4+ 52. Kf6 $1
f3 53. Rxb7 $2 (53. Rg7+ $1 Kf8 54. Rxb7 $18) 53... Rf5+ $1 54. Kxf5 f2 55.
Rb8+ Kg7 56. Rb7+ Kg8 57. Rb8+ Kg7 58. Rb7+ Kg8 1/2-1/2

[Event "LL Nord Werder 3 - BSG 1"]
[Site "?"]
[Date "2018.12.16"]
[Round "4.6"]
[White "Heldt, Nils-Lennart"]
[Black "Rust-Lux, Klaus"]
[Result "1-0"]
[WhiteElo "2016"]
[BlackElo "2097"]
[Annotator "Stephan"]
[PlyCount "91"]
[EventDate "2018.??.??"]

1. e4 d6 2. d4 Nf6 3. Nc3 g6 4. Be3 c6 5. f3 Nbd7 6. Qd2 Qa5 7. O-O-O b5 8. Kb1
b4 9. Nce2 Rb8 10. Nc1 Ba6 11. Bxa6 Qxa6 12. g4 Bg7 13. h4 h5 14. g5 Nh7 15. f4
Nb6 16. b3 O-O 17. Nge2 Rfc8 18. f5 c5 19. Nf4 Nf8 20. Qg2 Qa3 21. f6 exf6 22.
gxf6 Bxf6 23. Nxh5 Bh8 24. Ne2 cxd4 25. Nxd4 Na4 26. bxa4 Qxe3 27. Rd3 Qh6 28.
Ng3 Qg7 29. h5 Rc4 30. hxg6 fxg6 31. e5 Rxd4 32. Rxd4 Qxe5 33. Qd5+ Ne6 34. Ne4
Bg7 35. Nxd6 Qxd5 36. Rxd5 Nf4 37. Rd2 Rd8 38. Rf1 Bc3 39. Rdd1 Ne2 40. Rf2 Ng3
41. Rd3 Be1 42. Rf6 Ne2 43. Rxg6+ Kh7 44. Rg4 Bg3 45. Ne4 Rxd3 46. cxd3 1-0

[Event "LL Nord Werder 3 - BSG 1"]
[Site "?"]
[Date "2018.12.16"]
[Round "4.7"]
[White "Stieglitz, Dirk"]
[Black "Elmali, Timur"]
[Result "0-1"]
[WhiteElo "2022"]
[BlackElo "2102"]
[Annotator "Stephan"]
[PlyCount "80"]
[EventDate "2018.??.??"]

1. c4 e5 2. g3 d6 3. Bg2 f5 4. d4 Be7 5. dxe5 dxe5 6. Qxd8+ Bxd8 7. e4 Nc6 8.
Bd2 Nd4 9. Na3 Be7 10. Rc1 $6 (10. Nb5 $142) 10... c6 11. Ne2 fxe4 12. Nxd4
exd4 13. Bxe4 Nf6 14. Bg2 Bxa3 15. bxa3 Bf5 16. O-O O-O-O 17. Rfe1 Rhe8 18. Bf4
d3 19. Rxe8 Rxe8 20. Bf1 Rd8 21. f3 h6 22. Rd1 Rd4 23. Be3 Rxc4 24. Bxa7 $6 Rc3
25. g4 Bg6 26. a4 c5 $19 27. a5 Nd5 28. Kf2 Rc2+ 29. Kg3 d2 30. Bxc5 Nc3 $1 31.
a6 bxa6 32. Bxa6+ Kc7 33. Rxd2 Rxd2 34. Bb4 Rxa2 35. Bc4 Ne2+ 36. Bxe2 Rxe2 37.
Bf8 h5 38. Bxg7 Kd7 39. h4 Ra2 40. Kf4 Ra5 0-1

[Event "LL Nord Werder 3 - BSG 1"]
[Site "?"]
[Date "2018.12.16"]
[Round "4.8"]
[White "Bart, Simon"]
[Black "Juergenlimke, Axel"]
[Result "1-0"]
[WhiteElo "2019"]
[BlackElo "2080"]
[Annotator "Stephan"]
[PlyCount "59"]
[EventDate "2018.??.??"]

1. e4 d6 2. d4 Nf6 3. Nc3 g6 4. Be2 Bg7 5. Be3 c6 6. h4 Qa5 7. Qd2 b5 8. f3 h5
9. a3 a6 10. Nh3 Qc7 11. O-O-O $5 Nbd7 12. g4 Nb6 13. g5 Nfd7 14. f4 a5 15. f5
{Beide kommen ins Rollen, aber Weiß ist schneller!} b4 16. Nb1 c5 17. fxg6
fxg6 18. Nf4 Nf8 19. dxc5 Na4 (19... dxc5 20. Rhf1 $18 {Stockfish}) 20. Bd4 {
Der Anfang vom Ende - sehr kräftig vollstreckt!} e5 21. Nd5 Qb7 22. c6 $1 Qb8
(22... Qxc6 23. Bb5 $1) 23. Bb5 exd4 24. Bxa4 Kf7 25. Rhf1+ Kg8 26. Nf6+ Bxf6
27. Rxf6 bxa3 28. Nxa3 Be6 29. Qxd4 Qb4 30. Qxd6 1-0

[Event "LL Nord SV Osnabrück - Werder3"]
[Site "?"]
[Date "2019.01.20"]
[Round "5.1"]
[White "Buchal, Stephan"]
[Black "Hummel, Dirk"]
[Result "1-0"]
[WhiteElo "2270"]
[BlackElo "2289"]
[Annotator "Buchal,Stephan"]
[PlyCount "119"]
[EventDate "2019.??.??"]

1. c4 e5 2. g3 Nf6 3. Bg2 c6 4. Nf3 e4 5. Nd4 Qb6 {101 - 97} 6. Nb3 a5 7. d3 {
Diese Variante hatte ich ein bisschen vorbereitet.} Bb4+ {Jetzt waren wir
beide nicht mehr "im Buch".} (7... a4 $142 8. N3d2 d5 (8... Bc5)) 8. Nc3 a4 9.
Be3 Qa6 10. Nd2 (10. Nd4 $5 a3 11. Bc1 $14 {Dieses Rückkehrmotiv hatte ich
nicht auf der Rechnung.}) 10... a3 $6 {[%emt 0:00:58] 70 -} (10... exd3 11. O-O
$5 dxe2 $6 12. Qxe2 O-O 13. Bd4 {sieht gefährlich aus für Schwarz}) 11. Ncxe4
$14 {am einfachsten.} (11. Qb3 Qa5 12. Bd4 exd3 13. exd3 O-O {war mir zu
komliziert, ist aber ebenfalls gut für Weiß - sagt die Engine.}) 11... Nxe4
12. Bxe4 axb2 13. Rb1 Qxa2 14. O-O d5 $2 15. cxd5 cxd5 {57 - 58. Mein Gegner
spielt die ganze Abwicklung á tempo, hatte aber dabei die folgende Pointe
übersehen (die ich schon bei 11.Scxe4 erspäht hatte).} (15... Bh3 16. Nc4 $5
$36) 16. Qc2 $1 $16 Nc6 17. Rxb2 Qa5 18. Nb3 Qd8 19. Bg2 O-O 20. Nd4 {Jetzt
habe ich wunderbares Spiel gegen die beiden Schwächen d5 und b7.} Be7 {
[%emt 0:00:48] 45 -} 21. Nxc6 bxc6 22. Qxc6 Be6 23. Bb6 Qd6 24. Qxd6 Bxd6 25.
Rb5 Ra2 {[%emt 0:00:42] 31 -} 26. Bf3 Rb8 27. Rfb1 h6 28. Kg2 Be7 29. Bd4 Rxb5
30. Rxb5 Ra4 {[%emt 0:00:39] 15 -} 31. Bc5 $6 {Die Engine ist hier schon bei
+1.7 (31.Le5!), aber bei knapper werdender Zeit versuche ich hier vor allem,
die Stellung wenig zu verändern und nach dem 40. Zug gründlich reinzuschauen
bzw, den Stand des offensichtlich knappen Mannschaftskampfes im Auge zu
behalten. Bloß nichts einstellen!} Bf6 32. Bd6 Ra2 33. h4 g6 34. h5 gxh5 35.
Bxh5 Kg7 {[%emt 0:00:35] 3 -} 36. Bf3 Kg6 37. Bf4 Kg7 (37... h5 38. e3 $18) 38.
Rb1 Bg5 39. Be5+ Bf6 40. Bf4 Bg5 {[%emt 0:00:31] 1 -} 41. Be5+ Bf6 42. Bxf6+
Kxf6 43. d4 Ra4 44. e3 Ra8 45. Rh1 Kg7 {41 - 80. In der folgenden Phase wird
noch ein bisschen laviert, aber die Stellung ist gewonnen. Mehrbauer, bessere
Figuren, bessere Bauern - das sollte reichen.} 46. Rh5 Rd8 47. Re5 Rd6 48. g4
Rd8 49. Kg3 Rd6 50. Kf4 Rd8 51. Rh5 f6 52. Rh1 Rd7 53. Ra1 Kf7 54. Be2 Rc7 55.
Bd3 Kg7 56. Ra6 Bf7 57. Rd6 Ra7 58. Bf5 Re7 59. f3 Bg8 (59... Ra7 60. Be6 Bxe6
61. Rxe6 Kg6 62. e4 dxe4 63. fxe4 $18) 60. Bd7 (60. Bd7 Bf7 61. Bc6 Re6 62.
Rxe6 Bxe6 63. e4 dxe4 64. fxe4 Bc8 65. d5 Kf7 66. Kg3 Ke7 67. Bb5 {mit
leichtem Gewinn}) 1-0

[Event "LL Nord SV Osnabrück - Werder3"]
[Site "?"]
[Date "2019.01.20"]
[Round "5.3"]
[White "Colbow, Collin "]
[Black "Wostmann, Hans-Joachim "]
[Result "1-0"]
[WhiteElo "2086"]
[BlackElo "2096"]
[Annotator "Collin"]
[PlyCount "57"]
[EventDate "2019.??.??"]

1. e4 e6 2. d4 d5 3. Nd2 Nf6 4. e5 Nfd7 5. Bd3 c5 6. c3 Nc6 7. Ne2 cxd4 8. cxd4
Qb6 9. Nf3 f6 10. O-O fxe5 11. dxe5 Ndxe5 12. Nxe5 Nxe5 13. Be3 Bc5 14. Nf4 Nf7
15. Qh5 g6 16. Qe2 Bxe3 17. Bb5+ Bd7 18. Bxd7+ Kxd7 19. fxe3 Ne5 20. Rad1 Raf8
21. Kh1 Kc8 22. a4 Nc4 23. b3 Qxb3 24. Qg4 Rf5 25. Nxe6 Ne5 26. Rc1+ Kb8 27.
Qd4 Rxf1+ 28. Rxf1 Qc4 29. Qxe5+ 1-0

[Event "LL Nord SV Osnabrück - Werder3"]
[Site "?"]
[Date "2019.01.20"]
[Round "5.7"]
[White "Pollmann, Sascha"]
[Black "Müller, Gerhard"]
[Result "1/2-1/2"]
[WhiteElo "2126"]
[BlackElo "2104"]
[Annotator "Stephan"]
[PlyCount "84"]
[EventDate "2018.12.22"]

1. Nf3 c5 $1 2. g3 Nc6 3. c4 Nf6 $1 {/\...d5} 4. Bg2 (4. Nc3 $1 d5 5. d4 cxd4 (
5... dxc4 6. d5) 6. Nxd4 dxc4 7. Nxc6 Qxd1+ 8. Nxd1 bxc6 9. Bg2 {Kramnik}) 4...
d5 5. O-O $5 (5. cxd5) 5... d4 $1 (5... e5 6. Qa4 Bd6 7. d4 exd4 8. cxd5 Nxd5
9. Nxd4 cxd4 10. Bxd5 O-O 11. Bxc6 bxc6 12. Qxd4 Qe7 13. Nc3 Be5 14. Qe4 Re8
15. Be3 Rb8 16. Qc2 h5 17. Rad1 Bh3 18. Rfe1 Bxc3 19. bxc3 Rb2 20. Qa4 Qe6 21.
a3 Bg4 22. Kf1 h4 23. Rd4 Bxe2+ 24. Rxe2 Qh3+ 25. Ke1 hxg3 26. fxg3 Rxe2+ 27.
Kxe2 Qg2+ 28. Kd3 Qf3 29. Re4 Qf1+ 30. Kd2 Qg2+ 31. Kd3 Qf1+ 32. Kd2 {1/2-1/2 
(32) Caruana,F (2807)-Nepomniachtchi,I (2751) Saint Louis 2017}) 6. d3 e5 7. e3
Be7 8. Re1 (8. exd4 exd4 9. Bf4 O-O 10. Ne5 $14 {Horn, Pe.}) 8... O-O 9. exd4
exd4 10. Na3 h6 11. Nc2 Bf5 12. Ne5 Nxe5 13. Rxe5 Bg4 14. Bf3 $6 (14. Qf1 $5
Bd6 15. Re1 Qd7 16. Bd2 Rae8 17. h3 Rxe1 18. Nxe1 Be6 19. f4 h5 20. Nf3 Re8 21.
b3 b6 22. Nh4 Qc8 23. Kh2 Bd7 24. Qf3 Bc6 25. Qf1 Bd7 26. Re1 Rxe1 27. Qxe1 Qe8
28. Qf2 Qc8 29. Qe2 g6 30. Qf3 {1/2-1/2 (30) Kovacevic,B (2490)-Lintchevski,D 
(2429) Pardubice 2006}) 14... Bd6 15. Re1 Qd7 $1 $15 {/\...Qf5} 16. Bxg4 $8
Qxg4 $6 {mit Remisangebot} (16... Nxg4 $5 $15) 17. Qxg4 $1 Nxg4 18. f4 $11 (18.
Kg2 Rae8 (18... Ne5 19. Bf4 f6 $11) 19. Bd2 Rxe1 20. Rxe1 Ne5 21. Bf4 Nxd3 22.
Bxd6 Nxe1+ 23. Nxe1 Re8 24. Nd3 b6 $44) 18... a6 (18... f5 $5) 19. a4 {[%emt 0:
00:12] Komodo} a5 20. Bd2 b6 21. h3 Nf6 22. Na3 (22. Kg2) 22... Rae8 23. Nb5
Bb8 24. Kg2 Rxe1 25. Rxe1 Re8 26. Kf3 Rxe1 27. Bxe1 Kf8 28. g4 Ke8 29. Bh4 Nh7
30. Ke4 Kd7 $11 31. Na3 (31. Bg3 $5) 31... Bxf4 $5 32. Kxf4 g5+ 33. Bxg5 Nxg5
34. h4 (34. Kg3 f6 {/\...Nf7} 35. Nb5 Nf7 36. Kf4 Ne5 37. Ke4 Kc6 $11) 34...
Nh3+ $1 $11 (34... Ne6+ $2 35. Kf5 $16) (34... Nh7 $2 35. Kf5 $16) 35. Kg3 Ng1
36. Nc2 {/\Ne1-g2-f4-d5xb6} (36. Nb1) 36... Ke6 37. Ne1 f5 $1 38. Ng2 Ne2+ 39.
Kf3 (39. Kf2 Nc1 40. Nf4+ Kf6 $1 (40... Ke5 $4 41. g5 $1 hxg5 42. hxg5 $18) 41.
Kf3 fxg4+ 42. Kxg4 Ke5 $11) 39... Ng1+ 40. Kg3 (40. Kf2 $4 Nh3+ $1 41. Kg3 fxg4
42. Kxg4 Nf2+ $19) 40... Ne2+ 41. Kf3 Ng1+ 42. Kg3 Ne2+ $11 1/2-1/2

[Event "LL Nord SV Osnabrück - Werder3"]
[Site "Osnabrück"]
[Date "2019.01.20"]
[Round "5.8"]
[White "Ellerbrake, Sven"]
[Black "Dr. Höpfner, Oliver"]
[Result "1-0"]
[WhiteElo "1888"]
[BlackElo "1913"]
[PlyCount "109"]
[EventDate "2019.01.20"]
[EventCountry "GER"]

1. c4 f5 2. Nc3 Nf6 3. g3 e6 4. Bg2 c6 5. d4 d5 6. cxd5 exd5 7. Nf3 Bd6 8. O-O
O-O 9. Rb1 Qe7 10. a3 Ne4 11. Qc2 a5 12. e3 Nd7 13. Bd2 Nxd2 14. Qxd2 Nf6 15.
Rbc1 Ne4 16. Qe2 Nxc3 17. Rxc3 f4 18. Nd2 fxg3 19. hxg3 Bf5 20. e4 dxe4 21.
Nxe4 Bxe4 22. Bxe4 Qf7 23. Qd3 g6 24. d5 c5 25. Bg2 a4 26. Qb5 Qc7 27. Re3 Kg7
28. Re4 Ra5 29. Qe2 b5 30. Re1 Qd7 31. Re6 b4 32. Qg4 Ra7 33. Be4 Rf6 34. Bd3
Bf8 35. Qe4 Rxe6 36. dxe6 Qd4 37. Qe2 Be7 38. Bc4 bxa3 39. bxa3 Rb7 40. Qf3 Rc7
41. Re4 Qa1+ 42. Kg2 Qf6 43. Rf4 Qe5 44. Rf7+ Kh6 45. Qg4 Qg5 46. Qe4 Qd2 47.
Rxe7 Rxe7 48. Qh4+ Kg7 49. Qxe7+ Kh6 50. Qf8+ Kg5 51. e7 Qd4 52. e8=Q Qxc4 53.
Qe3+ Kh5 54. Qfh6+ Kg4 55. Qh3# 1-0

[Event "LL Nord Werder lII - Post SV Uelzen"]
[Site "?"]
[Date "2019.02.03"]
[Round "6.1"]
[White "Laubsch, Bernd"]
[Black "Buchal, Stephan"]
[Result "1-0"]
[WhiteElo "2305"]
[BlackElo "2257"]
[Annotator "Buchal,Stephan"]
[PlyCount "49"]
[EventDate "2019.??.??"]

1. e4 d6 2. d4 Nf6 3. Nc3 g6 4. Be3 c6 5. Qd2 b5 {100 - 94} 6. f3 Nbd7 7. g4
Bg7 {An diese Empfehlung von Marin konnte ich mich dunkel erinnern. Er mag die
Hauptvariante nicht besonders - aber den Grund kannte ich nicht mehr. Er gibt
folgende Variante} (7... Nb6 8. h4 h5 9. g5 Nfd7 10. d5 $1 b4 11. dxc6 bxc3 12.
Qxc3 Ne5 13. Bd4 Bg7 14. a4 $3 $16) 8. g5 Nh5 9. Nge2 e5 $2 {Den hielt ich
wegen der positionellen Drohung 10.Sg3 für erzwungen - und verwarf die
Alternative 9... b4 wegen 10.Sd1 und jetzt droht Dxb4 als auch Sg3. Wenn ich
doch nur meinen Marin richtig studiert hätte!} (9... b4 {ist "natürlich"
völlig richtig.} 10. Nd1 e5 11. Ng3 Nf4 12. Qxb4 $2 d5 $1 $15 {Schwarz steht
vorzüglich.}) 10. d5 $1 {Ich sah die Bescherung noch bevor es auf dem Brett
stand. Laubsch spielte es nach kurzem Nachdenken und ich versank in längeres
Nachdenken.} Nb6 {84 - 68} 11. dxc6 $6 ({besser ist - was wir beide nicht
gedacht hatten} 11. Bxb6 Qxb6 12. dxc6 Be6 (12... Qxc6 $2 13. Nd4 $1 $18) 13.
Ng3 Nxg3 14. hxg3 $16) 11... Nc4 12. Qd3 O-O 13. O-O-O Qa5 14. Kb1 Be6 15. Bc1
Rac8 {40 - 20 Die Stellung ist ziemlich kompliziert und wir verbrauchten in
dieser Phase beide viel Zeit.} 16. Nd5 Rxc6 17. Nec3 $6 {SF10 gibt hier gleich
3 Züge mit Bewertung 0.00:17.Dc3 17.Db3 und 17.a3} Kh8 18. b3 Rb8 $2 ({
Ich habe mich in dieser Phase ständig mit} 18... Nf4 $1 {beschäftigt. Warum
ich es hier nicht gespielt habe, weiß ich nicht mehr. Stockfich zeigt sofort
entscheidenden Vorteil!} 19. Bxf4 (19. b4 Qd8 20. Nxf4 exf4 21. Nd5 a5 $19)
19... exf4 20. bxc4 bxc4 21. Qd2 Rb8+ 22. Ka1 Bxd5 (22... Qxa2+ $1 {ist
natürlich viel schöner, aber das muss man nicht sehen!?})) 19. b4 Qd8 20. h4
Nf4 {nur noch 6 - 8 Minuten. Ich stehe immer noch auf Gewinn.} 21. Nxf4 exf4
22. Nd5 Rbc8 23. Rh2 Bxd5 24. Qxd5 Ne5 $2 (24... Qc7 $19 25. Bh3 (25. h5 Nb6)
25... Rb8 26. h5 Nb6 27. Qd3 Na4 {Dieses schicke Manöver hatte ich nicht mehr
gesehen.}) 25. Bxf4 {Mit 3 Minuten auf der Uhr bot er mir hier Remis an. Ich
hatte noch 2 Minuten, dachte 1 Minute nach und die Stellung schien mir
mittlerweile furchtbar unklar .... für Stockfish ist das alles totremis:} (25.
Bxf4 Qc7 26. Bxb5 Rb6 27. c4 a6 28. Bxe5 Bxe5 29. f4 $1 Bg7 30. h5 {alles 0.00
...}) 1-0

[Event "LL Nord Werder III - Post SV Uelzen"]
[Site "?"]
[Date "2019.02.03"]
[Round "6.2"]
[White "Steffens, Olaf"]
[Black "Knuedel, Thorben"]
[Result "1/2-1/2"]
[WhiteElo "2149"]
[BlackElo "2079"]
[Annotator "Stephan"]
[PlyCount "116"]
[EventDate "2019.??.??"]

{Olaf beginnt die Partie mit 36 Minuten Verspätung, weil er zunächst einen
Flug für Vlastimil organisieren muss. Dessen Rückflug wurde Sonntagmorgen
"cancelled".} 1. b4 Nf6 2. Bb2 g6 3. f4 Bg7 4. Nf3 O-O 5. e3 d6 {104 - 138} 6.
Bc4 Nbd7 7. O-O a5 8. a3 c6 9. Qe1 axb4 10. axb4 Rxa1 {49 - 83} 11. Bxa1 Nb6
12. Bb3 Nbd5 13. Qh4 Qd7 14. h3 h6 15. Nc3 $5 Nxb4 $2 {[%emt 0:00:54] 31 -} 16.
f5 $1 Na6 17. fxg6 e6 18. Nd4 Nd5 19. Nxd5 cxd5 20. Ba2 $2 {Fingerfehler -
berührt, geführt!} (20. Nf5 $3 {typisch Stockfish} exf5 21. Bxd5 Qe8 22.
gxf7+ Rxf7 23. Bxg7 Kxg7 24. Qg3+ Kh7 25. Bxf7 Qxf7 26. Qxd6 $18) 20... fxg6
$11 {[%emt 0:00:40] 16 -} 21. Rxf8+ Kxf8 22. Nxe6+ $2 Qxe6 23. Qd8+ Kf7 24. e4
Qxe4 $2 (24... Nb4 $19) 25. Bxg7 Kxg7 {[%emt 0:00:24] 8 -} 26. Qxc8 Qe1+ 27.
Kh2 Qe5+ 28. Kg1 Nc5 29. Qc7+ Kf8 30. Qd8+ Kf7 {[%emt 0:00:09] 6 -} 31. Qc7+
Ke8 32. Qc8+ Ke7 33. Qc7+ Nd7 34. Qxb7 Qe1+ 35. Kh2 Qe5+ {[%emt 0:00:08] 6 -}
36. Kg1 (36. Kh1 $142 $11) 36... Qa1+ 37. Qb1 Qd4+ 38. Kh1 Qxd2 39. c3 $5 Qxc3
(39... Nc5 $142 $1) 40. Qxg6 Qe1+ {[%emt 0:00:01] - 1} 41. Kh2 Qe5+ 42. Kh1 Nf6
43. Bb1 h5 44. Bf5 Ne4 45. Kg1 Qd4+ {[%emt 0:00:16] 21 -} 46. Kh2 Qe5+ 47. Kg1
Qf6 48. Qxh5 Ng3 49. Qh7+ Kf8 50. Bd3 Ne4 {[%emt 0:00:07] 12 -} 51. Kh1 Qa1+
52. Kh2 Qe5+ 53. Kh1 Qd4 54. Qh6+ Ke7 55. Bb5 Qa1+ 56. Kh2 Qe5+ 57. Kg1 Qd4+
58. Kh1 Qa1+ {Olafs schwer erkämpfter halber Punkt zum Mannschaftssieg}
1/2-1/2

[Event "LL Nord Werder III - Post SV Uelzen"]
[Site "?"]
[Date "2019.02.03"]
[Round "6.3"]
[White "Rick, Uwe"]
[Black "Lai Hop, Duong"]
[Result "0-1"]
[WhiteElo "2054"]
[BlackElo "2147"]
[Annotator "Stephan"]
[PlyCount "98"]
[EventDate "2019.??.??"]

1. d4 d5 2. c4 c6 3. cxd5 cxd5 4. Nc3 Nc6 5. Bf4 Nf6 6. e3 a6 7. Rc1 e6 8. Bd3
Be7 9. h3 O-O 10. Nf3 Qb6 11. Qe2 Bd7 12. O-O Rfc8 13. Ne5 Be8 14. Rfd1 Qa5 15.
Bb1 b5 16. Qf3 Qb6 17. Nxc6 Bxc6 18. Bg3 Bb7 19. Ne2 Rc4 20. Bd3 Rxc1 21. Nxc1
Rc8 22. Nb3 Qd8 23. Rc1 Rxc1+ 24. Nxc1 h6 25. Bh4 Qa5 26. Qd1 g5 27. Bg3 Ne4
28. Bb8 Kg7 29. Kf1 Qd2 30. Qxd2 Nxd2+ 31. Ke2 Nc4 32. b3 Nb6 33. Bc2 {mit
Remisangebot, das Duong dankenswerterweise ablehnt - im Endspiel ist er
stärker!} f6 34. Nd3 Nd7 35. Ba7 Kf7 36. g3 e5 37. b4 Ke6 38. Nc5+ Bxc5 39.
Bxc5 Bc6 40. Bg6 f5 $1 41. g4 fxg4 42. hxg4 Nxc5 43. Bf5+ Kf6 44. dxc5 h5 $1
45. Bc8 $4 (45. e4 $3 {Einziger Zug zum Ausgleich!} h4 (45... dxe4 46. Ke3 h4
47. Bxe4 Bxe4 48. Kxe4 Ke7 $11) 46. exd5 Bxd5 47. f3 $11) 45... h4 $19 46. Kf1
d4 47. Bf5 Bf3 48. Kg1 Ke7 49. Kh2 Be2 0-1